| 000 | 00511nam a22001697a 4500 | ||
|---|---|---|---|
| 999 |
_c31962 _d31959 |
||
| 003 | OSt | ||
| 005 | 20210120113717.0 | ||
| 008 | 210120b ||||| |||| 00| 0 eng d | ||
| 020 | _a9789976516531 | ||
| 040 |
_aMMU _bEng. _cMMU |
||
| 050 | _aPL8701.37 .K5835 2018 | ||
| 245 |
_aKiswahili utangamano na maendeleo endelevu Afrika Mashariki _cwahariri Walibora Ken |
||
| 260 |
_aZanzibar : _bKakkama , _c2018 |
||
| 300 | _axix,309p. | ||
| 650 | _aKiswahili na maendeleo ya Afrika Mashariki | ||
| 942 |
_2lcc _cLOAN LOAN |
||